| 000 | 00539nam a2200205Ia 4500 | ||
|---|---|---|---|
| 999 |
_c4447 _d4447 |
||
| 020 | _a0-415-34381-X | ||
| 082 | _a060 SCH-U | ||
| 100 | _aSchechter, Michael G. | ||
| 245 | 0 | _aUnited Nations global conferences | |
| 260 |
_aLondon _bRoutledge _c2005 |
||
| 300 | _axvi, 270 | ||
| 440 | _aGlobal institutions series | ||
| 504 | _aincludes index | ||
| 650 | _aUnited Nations | ||
| 650 | _aCongresses and conventions | ||
| 650 | _aInternational organization | ||
| 700 | _aWeiss, Thomas G. | ||
| 710 | _aWilkinson, Rorden | ||
| 942 | _cBK | ||